000 00474cam a2200193ua 4500
001 2676
008 110909n ii |||gr||||Z||||||asm
040 _cMAIN
082 _a891.4512
100 _aBaruah, Ananda Chanda,
_eAuthor.
245 1 1 _aBijoya
_cby Ananda Chanda Baruah
250 _a6th.
260 _aGolaghat:
_bNabin pustak bhandar,983.
300 _a84p:
_c23cm.
653 _aAssamese drama
653 _aAssamese literature
653 _aBijoya
942 _cBK
999 _c2527
_d2527